Lenguaje y comunicación: 1§ Medio, texto del profesor
Salvato in:
| Autori principali: | , , |
|---|---|
| Natura: | Libro |
| Lingua: | spagnolo |
| Pubblicazione: |
Santiago
Limusa
1997
|
| Soggetti: | |
| Tags: |
Aggiungi Tag
Nessun Tag, puoi essere il primo ad aggiungerne!!
|
MARC
| LEADER | 00000nam a2200000 a 4500 | ||
|---|---|---|---|
| 001 | UCS3077 | ||
| 003 | CL-VaPUC | ||
| 008 | 970613e19970000CL |||||||||||||||||spa|d | ||
| 082 | 0 | 4 | |a 372.6 |b MAQ |2 21 |
| 100 | |a Maqueo, Ana María |e autora |9 389063 | ||
| 700 | 0 | |a Coronado, Juan |e author |9 389064 | |
| 700 | 0 | |a Méndez Maqueo, Verónica |e author |9 389065 | |
| 245 | 1 | 0 | |a Lenguaje y comunicación: 1§ Medio, texto del profesor |
| 300 | |a 328 p | ||
| 942 | |c BK | ||
| 945 | |d 19970613 00:00:00 |a lriquelm | ||
| 260 | |a Santiago |b Limusa |c 1997 | ||
| 650 | 0 | |a Lenguaje |9 265069 | |
| 650 | 0 | |a Comunicación |9 257251 | |
| 650 | 0 | |a Enseñanza del lenguaje |9 373325 | |
| 583 | |a last modification |c 20160617 12:04:47 |k Rodrigo Vera | ||
| 999 | |c 260925 |d 260923 | ||
| 952 | |0 0 |1 0 |4 0 |6 372_600000000000000_MAQ_1997 |7 0 |8 P |9 287554 |a BIBEDU |b BIBEDU |c BIBEDU_PB |d 2019-11-19 |i 3313808 |o 372.6 MAQ 1997 |p 3313808 |r 2024-01-25 |w 2019-11-19 |y BK |k EDU | ||